| 000 | 00000nam 2200000zi 4500 |
| 001 | 9.898210 |
| 003 | CaOODSP |
| 005 | 20240719114320 |
| 006 | m o d f |
| 007 | cr |n||||||||| |
| 008 | 210401s1970 oncb o f000 0|eng d |
| 040 | |aCaOODSP|beng|erda|cCaOODSP |
| 043 | |an-cn-nk|an-cn--- |
| 086 | 1 |aRE24-52/1970E-PDF |
| 245 | 00|aCanada-New Brunswick agreement covering a comprehensive development plan for the Mactaquac Region as amended by amendment no. 1, October 22, 1970. |
| 246 | 34|aMactaquac, Canada-New Brunwsick agreement (as amended by Amendment no. 1 of October 22, 1970) : |bcovering a comprehensive development plan for the Mactaquac region of New Brunswick |
| 264 | 1|a[Ottawa] : |bRegional Economic Expansion Canada = Expansion économique régionale Canada, |c[1970] |
| 300 | |a1 online resource (39 pages) : |bmap |
| 336 | |atext|btxt|2rdacontent |
| 337 | |acomputer|bc|2rdamedia |
| 338 | |aonline resource|bcr|2rdacarrier |
| 500 | |aDigitized edition from print [produced by Innovation, Science and Economic Development Canada]. |
| 500 | |aIssued also in French under title: Entente Canada - Nouveau-Brunswick (modification no. 1, 22 octobre 1970) : plan d'ensemble de développement, région de Mactaquac. |
| 650 | 0|aRural development|zNew Brunswick. |
| 650 | 0|aCommunity development|zNew Brunswick. |
| 650 | 0|aFederal government|zNew Brunswick. |
| 651 | 0|aNew Brunswick|xEconomic policy. |
| 710 | 1 |aCanada. |bDepartment of Regional Economic Expansion, |eissuing body. |
| 775 | 08|tEntente Canada - Nouveau-Brunswick (modification no. 1, 22 octobre 1970) : |w(CaOODSP)9.940779 |
| 856 | 40|qPDF|s1.81 MB|uhttps://publications.gc.ca/collections/collection_2024/isde-ised/re24/RE24-52-1970-eng.pdf |